[Event "Nakhchivan Premium 2021"]
[Site "Nakhchivan"]
[Date "2021.03.29"]
[Round "8.1"]
[White "Sevdimaliyev, Urfan"]
[Black "Ismayilov, Arturan"]
[Result "1-0"]
[WhiteElo "2369"]
[BlackElo "1663"]
[Annotator "TA"]
[PlyCount "135"]
[EventDate "2021.03.14"]
[EventType "tourn"]
[EventCountry "AZE"]
[SourceTitle "playchess.com"]
[Source "ChessBase"]
[SourceQuality "1"]

{[%evp 17,135,16,30,28,16,21,41,22,42,-3,31,29,48,4,9,17,6,27,18,12,33,41,43,41,48,20,20,16,85,73,96,85,88,47,45,25,33,22,24,24,25,19,39,13,16,9,10,4,6,12,7,7,9,0,8,0,0,0,0,0,0,-9,0,0,0,0,0,0,0,0,0,0,0,0,48,53,47,45,53,0,5,5,8,8,8,0,0,0,0,0,0,0,0,0,0,0,0,0,0,0,0,0,0,-4,-8,-317,-294,-274,0,0,0,0,0,0,29974,29974,29970,29958,5118,5102]} 1. b3 d5 2. Bb2 Nf6 3. e3 g6 4. Nf3 Bg7 5. Be2 O-O 6. O-O c5 7. c4 Nc6 8. cxd5 Nxd5 9. Bxg7 Kxg7 10. Qc2 {A30: Symmetrical English: Double Fianchetto and Hedgehog.} b6 11. d4 {[#]} Bf5 $146 ({Predecessor:} 11... Ndb4 12. Qb2 cxd4 13. a3 Nd5 14. Rc1 Qd6 15. Bb5 Nd8 16. Qxd4+ Nf6 17. Qxd6 exd6 {½-½ (58) Habibi,A (2219)-Sand,R (2013) Bregenz 2019}) 12. Qb2 {White is slightly better.} cxd4 13. Bb5 (13. Nxd4 {seems wilder.} Nxd4 14. Qxd4+ Nf6 15. Qb2 Rc8 16. Na3) 13... Qd6 14. Nbd2 {Black must now prevent e4.} Nf6 15. Nc4 Qc5 16. Bxc6 Qxc6 17. Nxd4 Qc5 18. Rac1 Bd3 (18... Rac8 {keeps more tension.} 19. Rfd1 Be4 20. f3 Bb7 21. e4 Qg5) 19. Rfd1 Bxc4 20. Rxc4 Qe5 21. Qa3 Rfd8 22. Rdc1 Ng4 (22... Rd7 $11) 23. Nf3 $1 $16 {[%csl LRe5,LRg4]} Qe6 24. h3 $1 {[%cal Rh3g4]} Nf6 25. Nd4 Qd6 {[%cal Rd6a3]} 26. Qxd6 Rxd6 27. Rc7 Nd5 28. Rb7 a6 29. Nf3 f5 30. Ne5 Rad8 31. Ra7 a5 32. Rd1 Kf6 33. Nc4 R6d7 {[%cal Rd7a7]} 34. Ra6 e6 35. Rd4 (35. Kh2 {with more complications.} Rb8 36. f3 Rc7 37. Rd2 b5 38. Rxd5 bxc4 39. bxc4 Rxc4 40. Rdd6) 35... Ke7 (35... Rb8 {is interesting.} 36. g4 Ke7 37. gxf5 gxf5 38. Rh4 Kf8) 36. Nxb6 Nxb6 37. Rxb6 Rxd4 38. exd4 Rxd4 $11 {[%mdl 4096] Endgame KR-KR} 39. Ra6 Rd5 40. Ra7+ Kf6 41. Kf1 h6 42. Ke2 g5 43. Rh7 Kg6 44. Rb7 h5 45. a4 Rd6 46. Rb5 Ra6 47. Kd3 h4 48. Kd4 ({Better is} 48. f3 $1 $14) 48... g4 49. Ke5 {Threatening hxg4.} gxh3 50. gxh3 Rc6 $1 51. Kd4 Rd6+ 52. Ke3 Rc6 53. Kd3 Rd6+ 54. Ke2 Ra6 55. f4 Kf6 56. Kd3 Rd6+ 57. Kc4 Rc6+ 58. Kd4 Rd6+ 59. Kc5 Rd3 60. b4 axb4 ({Don't play} 60... Rxh3 $6 61. bxa5 Rc3+ 62. Kb6 $16) 61. a5 $2 {[%mdl 8192]} (61. Rxb4 $11 {and White is okay.} Rxh3 62. Rb2) 61... Rxh3 $19 62. Kxb4 {[#]} Rf3 $2 (62... Rh1 $1 $19 63. a6 h3) 63. a6 $11 {[%cal Ba5a6,Ba6a7][%mdl 32] And now a7 would win.} Rxf4+ 64. Kb3 {aiming for a7.} Rf3+ 65. Ka2 {Threatens to win with a7.} h3 $2 {[%mdl 8192]} (65... Rf2+ $11 66. Kb3 Rf3+ 67. Kb2 Rf4) 66. a7 h2 {[#]} 67. Rb1 $1 Rf2+ 68. Ka1 {Weighted Error Value: White=0.07/Black=0.07} 1-0

[Event "Nakhchivan Premium 2021"]
[Site "Nakhchivan"]
[Date "2021.03.29"]
[Round "8.2"]
[White "Seyid, Huseyn"]
[Black "Babayeva, Nasrin"]
[Result "1-0"]
[WhiteElo "1660"]
[BlackElo "1564"]
[Annotator "NA RC"]
[PlyCount "55"]
[EventDate "2021.03.14"]
[EventType "tourn"]
[EventCountry "AZE"]
[SourceTitle "playchess.com"]
[Source "ChessBase"]
[SourceQuality "1"]
[TimeControl "5400+30"]

1. e4 {[%emt 0:00:00]} e5 {[%emt 0:00:00]} 2. Nf3 {[%emt 0:00:10]} Nf6 {[%emt 0:00:00]} 3. Nxe5 {[%emt 0:00:18]} d6 {[%emt 0:00:01]} 4. Nf3 {[%emt 0:00:02]} Nxe4 {[%emt 0:00:06]} 5. d4 {[%emt 0:00:01]} d5 {[%emt 0:01:01]} 6. Bd3 {[%emt 0:00:22]} Be7 {[%emt 0:01:07]} 7. O-O {[%emt 0:00:30]} Bg4 {[%emt 0:00:38]} 8. c4 {[%emt 0:02:38]} c6 {[%emt 0:01:01]} 9. Nc3 {[%emt 0:01:33]} Nxc3 {[%emt 0:02:38]} 10. bxc3 {[%emt 0:00:02]} O-O {[%emt 0:00:20]} 11. Bf4 {[%emt 0:03:18]} Bd6 {[%emt 0:04:20]} 12. Bxd6 {[%emt 0:00:23]} Bxf3 {[%emt 0:00:53]} 13. Qxf3 {[%emt 0:00:16]} Qxd6 {[%emt 0:00:03]} 14. c5 {[%emt 0:01:04]} Qh6 {[%emt 0:16:52]} 15. Rfb1 {[%emt 0:05:19]} b6 {[%emt 0:07:38]} 16. cxb6 {[%emt 0:02:28]} axb6 {[%emt 0:00:01]} 17. Rxb6 {[%emt 0:01:50]} Qd2 {[%emt 0:02:09]} 18. a4 {[%emt 0:11:04]} Nd7 {[%emt 0:09:04]} 19. Rxc6 {[%emt 0:01:45]} Nf6 {[%emt 0:00:34]} 20. a5 {[%emt 0:26:40]} Rfc8 {[%emt 0:16:33]} 21. Rxc8+ {[%emt 0:01:18]} Rxc8 {[%emt 0:00:02]} 22. a6 {[%emt 0:06:56]} Qxc3 {[%emt 0:01:06]} 23. Bxh7+ {[%emt 0:00:37]} Kxh7 {[%emt 0:00:31]} 24. Qxc3 {[%emt 0:00:04]} Rxc3 {[%emt 0:00:01]} 25. a7 {[%emt 0:00:02]} Rc8 {[%emt 0:00:27]} 26. a8=Q {[%emt 0:00:09]} Rxa8 {[%emt 0:00:02]} 27. Rxa8 {[%emt 0:00:01]} Kg6 {[%emt 0:01:00]} 28. f3 {[%emt 0:00:16]} 1-0

[Event "Nakhchivan Premium 2021"]
[Site "Nakhchivan"]
[Date "2021.03.29"]
[Round "8.3"]
[White "Gasimov, Parviz"]
[Black "Garayev, Sadig"]
[Result "1-0"]
[WhiteElo "2337"]
[BlackElo "1781"]
[Annotator "TA"]
[PlyCount "69"]
[EventDate "2021.03.14"]
[EventType "tourn"]
[EventCountry "AZE"]
[SourceTitle "playchess.com"]
[Source "ChessBase"]
[SourceQuality "1"]

{[%evp 9,68,15,38,41,41,19,50,45,52,53,54,51,58,55,52,55,58,52,52,51,55,50,56,37,27,16,25,22,18,15,27,4,4,4,4,7,19,6,37,5,7,0,13,12,45,0,96,90,261,256,256,260,264,259,29991,230,29992,29993,29996,29995,29999]} 1. e4 c5 2. Nf3 g6 3. c3 d5 4. e5 Bg7 5. d4 Nc6 6. Bb5 {B06: Modern Defence.} Qb6 7. a4 {[#]} c4 $146 ({Predecessor:} 7... Bg4 8. Nbd2 Nh6 9. h3 Bxf3 10. Nxf3 cxd4 11. Qxd4 Qxd4 12. Nxd4 Rc8 13. a5 {0-1 (34) Chigaev,M (2598)-Posthuma,J (2339) chess.com INT 2020}) 8. b3 {White is slightly better.} cxb3 {next ...a6 is good for Black.} 9. Qxb3 a6 10. Bxc6+ (10. Qxd5 $2 axb5 11. Nbd2 Be6 $19) 10... Qxc6 11. O-O Nh6 12. Ba3 Nf5 13. Nbd2 O-O 14. Rfb1 h5 15. Bc5 Rb8 16. Qb6 {[#] Hoping for Qxc6.} Bd7 17. Nb3 {[%cal Bd2b3,Bb3c5,Bc5e6,Be6f4][%mdl 32]} Qxb6 18. Bxb6 Rfc8 19. Nc5 Be8 20. e6 fxe6 21. Re1 Rc6 22. Rab1 Nd6 23. Nxe6 Rxc3 24. Nf4 Bf7 25. Rxe7 Nf5 26. Rd7 Rbc8 {And now ...Rc1+ would win.} (26... Be8 $5 {[%cal Re8d7]} 27. Rc7 (27. Rxd5 Rbc8 $11) (27. Nxd5 Bxd7 28. Nxc3 Rc8 $11) 27... Rc8 28. Rxc3 Rxc3 $11) 27. h3 Be8 (27... Bh6 $1 $11 {remains equal.} 28. Nxd5 Bxd5 29. Rxd5 Rc1+ 30. Rxc1 Rxc1+ 31. Kh2 h4 32. Rd8+ Kh7 33. Rd7+ Kg8) 28. Rxb7 $16 {Bc5 is the strong threat.} Bxa4 $2 {This move loses the game for Black.} (28... Bh6 $16 {was called for.} 29. Ne6 (29. Nxd5 Rc1+ 30. Rxc1 Rxc1+ 31. Kh2 Bc6 $11 {[%mdl 64] Double Attack}) 29... Nd6) 29. Bc5 $18 ({Less strong is} 29. Nxd5 Rb3 $16) ({Don't play} 29. Nxg6 $6 R3c6 $16) 29... Bc6 30. Rb8 Rxb8 31. Rxb8+ Kh7 $2 (31... Kf7 $18 32. Rb6 {[%mdl 64] Double Attack} Rxf3) 32. Ng5+ Kh6 {[#]} 33. Nfe6 $1 {White mates.} Bxd4 34. Bxd4 Nxd4 35. Rh8# {Weighted Error Value: White=0.05/Black=0.35} 1-0

[Event "Nakhchivan Premium 2021"]
[Site "Nakhchivan"]
[Date "2021.03.29"]
[Round "8.4"]
[White "Ahmadova, Yegana"]
[Black "Aliyev, Aykhan"]
[Result "0-1"]
[WhiteElo "1421"]
[BlackElo "1683"]
[Annotator "NA RC"]
[PlyCount "143"]
[EventDate "2021.03.14"]
[EventType "tourn"]
[EventCountry "AZE"]
[SourceTitle "playchess.com"]
[Source "ChessBase"]
[SourceQuality "1"]
[TimeControl "5400+30"]

1. Nf3 {[%emt 0:00:00]} Nf6 {[%emt 0:00:00]} 2. c4 {[%emt 0:00:00]} g6 {[%emt 0:00:01]} 3. b3 {[%emt 0:00:00]} Bg7 {[%emt 0:00:08]} 4. Bb2 {[%emt 0:00:00]} b6 {[%emt 0:00:08]} 5. Nc3 {[%emt 0:00:09]} Bb7 {[%emt 0:00:07]} 6. g3 {[%emt 0:00:20]} O-O {[%emt 0:00:28]} 7. Bg2 {[%emt 0:00:06]} d5 {[%emt 0:00:45]} 8. d3 {[%emt 0:02:02]} d4 {[%emt 0:01:40]} 9. Nb1 {[%emt 0:00:39]} c5 {[%emt 0:00:11]} 10. O-O {[%emt 0:00:06]} Nbd7 {[%emt 0:00:07]} 11. e3 {[%emt 0:02:37]} e5 {[%emt 0:00:41]} 12. e4 {[%emt 0:07:01]} Ne8 {[%emt 0:02:38]} 13. Ne1 {[%emt 0:01:11]} Nd6 {[%emt 0:00:43]} 14. Nd2 {[%emt 0:04:15]} Qe7 {[%emt 0:06:57]} 15. Nc2 {[%emt 0:05:24]} f5 {[%emt 0:01:27]} 16. f3 {[%emt 0:00:21]} Bh6 {[%emt 0:03:25]} 17. Qe2 {[%emt 0:00:41]} Nf6 {[%emt 0:00:20]} 18. Rae1 {[%emt 0:06:20]} fxe4 {[%emt 0:00:43]} 19. fxe4 {[%emt 0:01:23]} Bc8 {[%emt 0:00:45]} 20. Nf3 {[%emt 0:06:53]} Bd7 {[%emt 0:04:22]} 21. Bc1 {[%emt 0:04:44]} Bxc1 {[%emt 0:00:19]} 22. Rxc1 {[%emt 0:00:06]} Rad8 {[%emt 0:01:24]} 23. Rb1 {[%emt 0:02:48]} Kg7 {[%emt 0:05:14]} 24. b4 {[%emt 0:01:10]} Ba4 {[%emt 0:01:40]} 25. Nfe1 {[%emt 0:02:55]} Bxc2 {[%emt 0:01:14]} 26. Nxc2 {[%emt 0:00:11]} Nxc4 {[%emt 0:00:42]} 27. bxc5 {[%emt 0:05:49]} Qxc5 {[%emt 0:01:17]} 28. dxc4 {[%emt 0:05:24]} d3+ {[%emt 0:00:15]} 29. Qf2 {[%emt 0:00:31]} dxc2 {[%emt 0:04:43]} 30. Qxc5 {[%emt 0:02:27]} bxc5 {[%emt 0:01:19]} 31. Rbc1 {[%emt 0:03:18]} Rd2 {[%emt 0:00:17]} 32. Rf2 {[%emt 0:07:09]} Rxf2 {[%emt 0:00:24]} 33. Kxf2 {[%emt 0:00:05]} Ng4+ {[%emt 0:00:06]} 34. Ke1 {[%emt 0:03:29]} Ne3 {[%emt 0:00:06]} 35. Bh3 {[%emt 0:00:32]} Rd8 {[%emt 0:01:53]} 36. Ke2 {[%emt 0:00:31]} Rd1 {[%emt 0:00:10]} 37. Rxc2 {[%emt 0:00:43]} Nxc2 {[%emt 0:00:05]} 38. Kxd1 {[%emt 0:00:17]} Ne3+ {[%emt 0:00:03]} 39. Kd2 {[%emt 0:01:21]} Nxc4+ {[%emt 0:00:05]} 40. Kc3 {[%emt 0:00:00]} Nd6 {[%emt 0:00:00]} 41. Bg2 {[%emt 0:00:00]} Kf6 {[%emt 0:00:00]} 42. Bf3 {[%emt 0:00:00]} Ke7 {[%emt 0:00:00]} 43. Kd3 {[%emt 0:00:00]} Kd7 {[%emt 0:00:00]} 44. Bg4+ {[%emt 0:00:00]} Kc6 {[%emt 0:00:00]} 45. Be6 {[%emt 0:00:00]} Kb5 {[%emt 0:00:00]} 46. Bd5 {[%emt 0:00:00]} Kb4 {[%emt 0:00:00]} 47. h4 {[%emt 0:00:00]} h6 {[%emt 0:00:00]} 48. g4 {[%emt 0:00:00]} g5 {[%emt 0:00:00]} 49. hxg5 {[%emt 0:00:00]} hxg5 {[%emt 0:00:00]} 50. Kc2 {[%emt 0:00:00]} a5 {[%emt 0:00:00]} 51. Kb2 {[%emt 0:00:00]} Nb5 {[%emt 0:00:00]} 52. Bc6 {[%emt 0:00:00]} Na3 {[%emt 0:00:00]} 53. Bd5 {[%emt 0:00:00]} Nc4+ {[%emt 0:00:00]} 54. Kb1 {[%emt 0:00:00]} Ne3 {[%emt 0:00:00]} 55. Be6 {[%emt 0:00:00]} Kc3 {[%emt 0:00:00]} 56. Kc1 {[%emt 0:02:32]} a4 {[%emt 0:00:00]} 57. Bf5 {[%emt 0:01:14]} a3 {[%emt 0:00:00]} 58. Be6 {[%emt 0:00:41]} Kd3 {[%emt 0:00:00]} 59. Bf5 {[%emt 0:00:50]} c4 {[%emt 0:00:00]} 60. Be6 {[%emt 0:00:24]} c3 {[%emt 0:00:00]} 61. Bf5 {[%emt 0:00:48]} Kd4 {[%emt 0:00:00]} 62. Kb1 {[%emt 0:00:32]} Kd3 {[%emt 0:00:00]} 63. Kc1 {[%emt 0:01:00]} Nf1 {[%emt 0:00:00]} 64. Bd7 {[%emt 0:01:23]} Kxe4 {[%emt 0:00:11]} 65. Bf5+ {[%emt 0:00:13]} Kd4 {[%emt 0:00:12]} 66. Kd1 {[%emt 0:00:19]} Ne3+ {[%emt 0:00:04]} 67. Ke2 {[%emt 0:00:35]} Nxf5 {[%emt 0:00:23]} 68. gxf5 {[%emt 0:00:06]} Kd5 {[%emt 0:00:06]} 69. Kd3 {[%emt 0:00:13]} e4+ {[%emt 0:00:24]} 70. Kxc3 {[%emt 0:00:08]} Ke5 {[%emt 0:00:06]} 71. f6 {[%emt 0:00:14]} Kxf6 {[%emt 0:00:05]} 72. Kd4 {[%emt 0:00:10]} 0-1

[Event "Nakhchivan Premium 2021"]
[Site "Nakhchivan"]
[Date "2021.03.29"]
[Round "8.5"]
[White "Baghirov, Orkhan"]
[Black "Mammadov, Sadig"]
[Result "0-1"]
[WhiteElo "1473"]
[BlackElo "2237"]
[Annotator "TA"]
[PlyCount "88"]
[EventDate "2021.03.14"]
[EventType "tourn"]
[EventCountry "AZE"]
[SourceTitle "playchess.com"]
[Source "ChessBase"]
[SourceQuality "1"]

{[%evp 17,88,-85,-48,-74,-74,-113,-70,-70,-35,-39,0,-13,-19,-28,-12,-19,-2,-20,-24,-35,0,-8,-10,-13,0,-2,27,33,42,16,30,-87,-89,-70,-92,-85,-88,-83,-82,-109,-39,-94,0,-192,-133,-168,-86,-86,-75,-78,-25,-103,-105,-133,-122,-274,-280,-458,-430,-421,-306,-317,-305,-299,-288,-279,-279,-1608,-1567,-2652,-2543,-29991,-1325]} 1. d4 d5 2. c4 c6 3. Nf3 Nf6 4. g3 g6 5. Bg2 Bg7 6. Nc3 O-O 7. O-O dxc4 8. a4 a5 9. h3 Na6 10. Ne5 {D78: Fianchetto Grünfeld: 6 0-0 c6.} Be6 {[#]} 11. e3 $146 ({Predecessor:} 11. e4 Qc8 12. Kh2 Rd8 13. Qe2 Rxd4 14. Be3 c5 15. Bxd4 cxd4 16. Nd5 d3 17. Qf3 Nxd5 18. exd5 Bxe5 19. dxe6 Qxe6 {0-1 (41) Lombardy,W (2540)-Tarjan,J (2510) Pasadena 1978}) 11... Nd7 12. Nf3 $1 {Black is slightly better.} h6 13. e4 Nf6 14. Qe2 Qc8 15. Kh2 Rd8 16. Be3 Nb4 17. Rfd1 Ne8 18. Ne1 Nc7 19. Rd2 f5 20. exf5 Bxf5 21. Qxc4+ Be6 22. Qe2 Ncd5 23. Rc1 Bf7 24. Nc2 (24. Nxd5 $11 Bxd5 25. Bf4) 24... Nxc3 $1 $17 25. bxc3 Na2 {[%mdl 64] Double Attack} 26. Ra1 Nxc3 27. Qd3 Nd5 28. Re1 Nb4 (28... Qf5 $17 29. Be4 Qe6) 29. Qc3 {[#]} (29. Qa3 $15) 29... Nd5 ({Black should try} 29... c5 $1 $17) 30. Qa3 $2 {[#]} (30. Qd3 $11 {and White has nothing to worry.}) 30... Qd7 (30... b5 $1 $19 31. Qc1 b4) 31. Bxd5 Bxd5 ({Don't take} 31... cxd5 32. Bf4 $15) (31... Qxd5 $19 32. Qb2 b5) 32. Bf4 e6 $36 {[%mdl 2048] Black is on the roll.} 33. Ne3 Qf7 (33... g5 $17 34. Be5 Bf8) 34. Ng4 (34. Be5 $11) 34... g5 35. Be5 h5 36. Bxg7 $2 {Now White is beyond hope.} (36. Ne3 $17 {was the only chance.}) 36... hxg4 $19 ({And not} 36... Kxg7 37. Ne5 $11) ({Weaker is} 36... Qxg7 37. Ne3 $15) 37. Re5 $2 (37. Be5) 37... Qxg7 38. Qe3 Kf7 39. Rxg5 Qf6 40. Rxg4 {And now Rf4 would win.} Ke7 41. Rf4 Qg7 42. Rg4 $2 {[#]} (42. Rb2) 42... Qxg4 $3 {[%mdl 512]} 43. Qa3+ (43. f3 Qxf3) 43... Kd7 {( -> ...Rh8!)} 44. Rb2 Rab8 {Weighted Error Value: White=0.70/Black=0.20} 0-1

[Event "Nakhchivan Premium 2021"]
[Site "Nakhchivan"]
[Date "2021.03.29"]
[Round "8.6"]
[White "Babayev, Talib"]
[Black "Hasanzade, Toghrul"]
[Result "1-0"]
[WhiteElo "2282"]
[BlackElo "2322"]
[Annotator "TA"]
[PlyCount "85"]
[EventDate "2021.03.14"]
[EventType "tourn"]
[EventCountry "AZE"]
[SourceTitle "playchess.com"]
[Source "ChessBase"]
[SourceQuality "1"]

{[%evp 14,85,20,35,57,45,58,57,80,71,71,67,82,50,62,60,104,83,101,102,96,100,95,99,77,95,316,299,317,335,337,313,281,334,327,332,333,324,327,333,321,314,298,293,301,283,273,225,221,216,218,220,206,192,280,283,253,245,314,291,505,502,480,469,29973,29975,29975,29976,29975,29977,29977,29978,29978,29979]} 1. Nf3 Nf6 2. g3 d5 3. c4 g6 4. b3 Bg7 5. Bb2 c6 6. Bg2 O-O 7. O-O dxc4 {7...a5 is a critical line.} 8. bxc4 Qb6 {A11: English Opening: 1...c6.} 9. Qc2 c5 10. Nc3 {[#]} Bd7 $146 {White is slightly better.} ({Predecessor:} 10... Nc6 11. Rab1 Qd8 12. d3 Rb8 13. Na4 Qd6 14. Nd2 b6 15. Nc3 Bb7 16. Qa4 Nd4 17. Bxb7 Rxb7 {½-½ (63) Kauko,J (2285)-Heinola,V (2195) Finland 2017}) 11. Rab1 Bc6 12. e4 Nbd7 13. Nd5 Qd8 14. d4 Nxe4 15. Qxe4 e6 {[#]} 16. Ne7+ {[%mdl 576] Discovered Attack} Qxe7 17. d5 $36 {[%mdl 2048] Keeping Black busy.} Ba4 18. Bxg7 Kxg7 19. Rxb7 {And now dxe6 would win.} Qd6 {This move loses the game for Black.} (19... Rfb8 $16) 20. dxe6 $18 Bc6 21. Rxd7 {[%mdl 64] Remove Defender} Qxd7 22. Qe5+ {[%mdl 64] Double Attack} f6 23. exd7 fxe5 24. Nxe5 {[%mdl 64] Discovered Attack} Bxg2 25. Kxg2 {[%mdl 4096] Endgame KRR-KRN} Rf6 26. Rd1 Rd8 27. Rd5 Ra6 28. Rxc5 {aiming for Rc8.} Kf6 {[#]} 29. Rc8 $1 Ke7 30. Nc6+ Kxd7 31. Rxd8+ Kxc6 {KR-KR} 32. Rd2 Kc5 33. Rc2 Rb6 (33... Rd6 $142 34. f4 a6) 34. f4 a5 35. g4 a4 36. f5 a3 $2 (36... gxf5 37. gxf5 Rf6) 37. Rf2 gxf5 38. gxf5 Kxc4 (38... Rf6 $18 39. Kg3 Kxc4) 39. f6 {White mates.} Rb8 40. f7 Rf8 41. Rf5 Kc3 42. Kg3 Kb2 43. Rf2+ {Weighted Error Value: White=0.03/Black=0.47} 1-0

[Event "Nakhchivan Premium 2021"]
[Site "Nakhchivan"]
[Date "2021.03.30"]
[Round "9.1"]
[White "Hasanzade, Toghrul"]
[Black "Sevdimaliyev, Urfan"]
[Result "0-1"]
[WhiteElo "2322"]
[BlackElo "2369"]
[Annotator "TA"]
[PlyCount "54"]
[EventDate "2021.03.14"]
[EventType "tourn"]
[EventCountry "AZE"]
[SourceTitle "playchess.com"]
[Source "ChessBase"]
[SourceQuality "1"]

{[%evp 9,53,17,22,0,0,-15,-10,-25,-32,-86,-77,-64,-76,-235,-114,-126,-93,-138,-154,-152,-145,-149,-56,-145,-152,-137,-147,-159,-157,-362,-353,-1816,-1762,-6536,-3909,-2210,-779,-767,-762,-754,-734,-813,-324,-29980,-29988,-29999]} 1. d4 d5 2. c4 e6 3. Nc3 Be7 4. Bf4 Nf6 5. e3 O-O 6. Bd3 {D35: Queen's Gambit Declined: Exchange Variation.} c5 7. cxd5 {[#]} (7. Nf3 {with more complications.} cxd4 8. Nxd4 Nc6 9. O-O Nxd4 10. exd4 dxc4 11. Bxc4 Qb6 12. Be5) 7... Nxd5 $146 ({Predecessor:} 7... cxd4 8. exd4 Nxd5 9. Bg3 Nc6 10. Nge2 Bf6 11. Be4 Nce7 12. Qb3 a6 13. O-O b6 14. Nxd5 Nxd5 {1-0 (32) MacKay,I-Meric,T Arnhem 1987}) 8. Nxd5 {The position is equal.} Qxd5 9. Qc2 ({White should play} 9. Qf3 $15) 9... cxd4 $17 10. exd4 Qxg2 11. Bxh7+ Kh8 12. Be4 Bb4+ 13. Ke2 Qg4+ {[%mdl 64] Double Attack} 14. Ke3 {[#]} e5 $1 $36 {[%cal Re5f4][%mdl 2048] Black has strong initiative.} 15. Bxe5 {Hoping for a3.} f5 (15... Nc6 $17 16. h3 Qh5) 16. f3 Qg6 17. Ne2 fxe4 {[%csl Ge4][%cal Rf8f3]} 18. Nf4 {[#]} Rxf4 19. Bxf4 (19. Qxc8+ $17 {was the only defense.} Rf8 20. Qh3+ Qh7 21. Qxh7+ Kxh7 22. Bxb8 Raxb8 23. fxe4) 19... Nc6 $19 {aiming for ...Nxd4!} 20. d5 (20. Rhg1 Qf7 21. fxe4) 20... Ne7 21. Rad1 Nf5+ 22. Kf2 b6 (22... Nh4 $142 23. Rc1 Qg2+ {[%mdl 64] Double Attack} 24. Ke3 Qxf3+ 25. Kd4 Qxf4 26. Qxc8+ Rxc8 27. Rxc8+ Kh7) 23. Rhg1 Qh5 {[%csl Ge4][%cal Rh5f3]} 24. Qxe4 Bc5+ {[%mdl 64] Skewer} 25. Kg2 Nh4+ $2 (25... Bd7 {White must now prevent ...Re8.} 26. Kh1 Re8) 26. Kg3 $2 (26. Kh1 $19) 26... Nxf3 27. Qxf3 Qh3# {Weighted Error Value: White=1.33/Black=0.46} 0-1